10 Pays par superficie (Facile) - Classement à l'aveugle - Statistiques

Statistiques générales
  • Ce quiz a été pris 609 fois
  • Le résultat moyen est 4 sur 10
Réponses sur la Carte
Les réponses sont colorées sur une échelle allant du rouge au vert en fonction du pourcentage des utilisateurs qui les ont devinées à leur premier essai. Vous pouvez retrouver ces pourcentages ci-dessous.
 
Statistiques - réponses
Pays Superficie en Km² % Correct
Brésil 8.51 m
63%
Turquie 783 k
60%
Mexique 1.96 m
59%
Yémen 527 k
57%
Afrique du Sud 1.22 m
55%
République centrafricaine 622 k
55%
Ukraine 603 k
51%
Chine 9.6 m
50%
Russie 17.1 m
49%
Chili 756 k
48%
Colombie 1.14 m
48%
Inde 3.29 m
48%
Iran 1.65 m
48%
Libye 1.76 m
47%
Namibie 824 k
47%
Afghanistan 652 k
46%
Somalie 637 k
46%
Algérie 2.38 m
45%
Arabie Saoudite 2.15 m
44%
Argentine 2.78 m
43%
Tanzanie 947 k
43%
Canada 9.98 m
42%
Kenya 580 k
42%
République démocratique du Congo 2.34 m
42%
Botswana 581 k
41%
États-Unis 9.83 m
40%
Bolivie 1.10 m
39%
Éthiopie 1.10 m
39%
France 643 k
39%
Indonésie 1.90 m
39%
Kazakhstan 2.72 m
39%
Mauritanie 1.03 m
39%
Myanmar 676 k
39%
Niger 1.27 m
39%
Australie 7.74 m
38%
Danemark 2.21 m
38%
Madagascar 587 k
38%
Mongolie 1.56 m
38%
Angola 1.25 m
37%
Tchad 1.28 m
37%
Soudan du Sud 644 k
36%
Mozambique 799 k
35%
Nigéria 923 k
33%
Soudan 1.86 m
33%
Mali 1.24 m
32%
Venezuela 912 k
30%
Pérou 1.29 m
29%
Zambie 752 K
29%
Pakistan 796 k
28%
Égypte 1 m
27%
Aucun quiz correspondant
Distribution des résultats
% des personnes avec chaque résultat
Percentile par nombre de réponses
Votre historique - résultats
Vous n’avez pas pris ce quiz